Statistics for Top 15 Countries with Covid-19 Cases - 11 November

Click here to take the quiz!

General Stats

  • This quiz has been taken 14 times
  • The average score is 19 of 25

Answer Stats

country% Correct
Mexico
100%
United States
100%
Belgium
92%
Brazil
92%
Colombia
92%
France
92%
Italy
92%
Russia
92%
Spain
92%
United Kingdom
92%
Argentina
85%
Chile
85%
Germany
85%
India
85%
Peru
85%
Iran
77%
Israel
69%
South Africa
62%
Kuwait
54%
Panama
54%
Qatar
46%
Armenia
38%
Bahrain
38%
Czechia
38%
Switzerland
38%

Score Distribution

Percentile by Number Answered

Percent of People with Each Score

Your Score History

You have not taken this quiz